[Event "Moscow-ch op"]
[Site "Moscow"]
[Date "1995.??.??"]
[Round "6"]
[White "Rustemov, Alexander"]
[Black "Baikov, Vladimir A"]
[Result "1/2-1/2"]
[WhiteElo "2475"]
[BlackElo "2370"]
[Annotator "Shipov,S"]
[PlyCount "125"]
[EventDate "1995.??.??"]
[EventType "swiss"]
[EventRounds "11"]
[EventCountry "RUS"]
[SourceTitle "EXT 1997"]
[Source "ChessBase"]
[SourceDate "1996.11.15"]
[SourceVersion "1"]
[SourceVersionDate "1996.11.15"]
[SourceQuality "1"]

1. d4 Nf6 2. Bg5 Ne4 3. Bh4 c5 4. f3 g5 5. fxe4 gxh4 6. e3 Bh6 7. Kf2 Nc6 (7...
Qb6) (7... cxd4) 8. Qh5 $1 $146 (8. Nf3 Qb6 $1 (8... cxd4 9. exd4 Qb6 10. Nc3
e6 11. Bb5 d6 12. Qd3 Bd7 13. a4 a6 14. Bxc6 Bxc6 15. a5 Qc7 $15 {Rausis,
I-Tzermiadianos,A/Athens/1993/0:1/36/}) 9. Nc3 $2 (9. Nbd2 Qxb2 10. Nc4 $44)
9... Bxe3+ $1 10. Kxe3 cxd4+ 11. Nxd4 e5 12. Nd5 Qxd4+ 13. Qxd4 exd4+ 14. Kf2
O-O $17 {Fries Nielsen,J-Sax,G/Aarhus/1993/0:1/26/}) 8... Qb6 $8 (8... Bg7 $2
9. Qxc5) 9. Qxc5 (9. Qxh6 $2 Qxb2 10. Nf3 Qxa1 11. Bc4 Qb2 $17) 9... Qxb2 (9...
Qxc5 $2 10. dxc5 Ne5 11. h3 $16) 10. Qc3 Qxc3 (10... Qb6 11. Nd2 $14) 11. Nxc3
d6 12. Nf3 h3 $8 13. gxh3 Bd7 (13... e5 $5 {/\ 0-0,f5/}) 14. Nd5 Rc8 $10 15.
Rb1 Na5 16. Bd3 Bxh3 17. Rb5 b6 18. Nxe7 $1 Kxe7 19. Rh5 Bxe3+ 20. Kxe3 Bg4 21.
Rg5 Nc4+ $1 22. Kf4 (22. Bxc4 $2 Bxf3 23. Kxf3 Rxc4 $17) 22... Bxf3 23. Kxf3
Nb2 (23... Na3 24. Rg2 $14) 24. Ke3 Rc3 25. Rf1 Nxd3 26. cxd3 Rc2 27. Rg7 Rf8
28. Rxh7 Rxa2 29. Rc1 Kd7 30. d5 (30. Rf1 Ke7 31. Rc1 Kd7) 30... Ra5 $1 (30...
b5 $2 31. Rc6 $1 b4 32. Rh6 b3 33. Rhxd6+ Ke7 34. e5 Rb8 (34... b2 35. Rc7+ Ke8
36. Rb7 $18) 35. Rc7+ Kf8 36. Rdd7 b2 37. Rxf7+ Kg8 38. Rg7+ Kh8 39. Rh7+ Kg8
40. Rcg7+ Kf8 41. e6 $18) 31. h4 (31. Rc6 Rc5) 31... Rc5 32. Rf1 Ke7 33. h5 b5
34. h6 Rc2 (34... b4 35. Rg7 b3 $2 36. h7 b2 37. Rgxf7+ Rxf7 38. h8=Q Rxf1 39.
Qxb2 $16) 35. Ra1 Rc7 36. Rg7 Rh8 37. h7 Kf6 38. Rag1 Rc2 (38... b4 39. Rg8
Rxh7 40. Rd8 Ke7 41. Rgg8 Rb7 42. Rge8+ Kf6 43. Rxd6+ Kg7 44. Rdd8 $1 $14) 39.
Kd4 b4 40. Rg8 Rxh7 41. Rd8 Ke7 42. Rgg8 b3 43. Rge8+ Kf6 44. Rxd6+ Kg7 45. Rb8
b2 46. Rc6 Rd2 47. d6 Rh1 48. Ke3 (48. d7 b1=Q 49. Rxb1 Rxb1 50. d8=Q Rxd3+ $1
51. Kxd3 Rd1+ $15) 48... Rdh2 49. d7 Rh3+ 50. Kd2 R3h2+ 51. Kc3 (51. Ke3 Rh3+
$10) 51... Rc1+ 52. Kd4 Rh8 $1 53. Rxh8 (53. Rcc8 Rcxc8 54. dxc8=Q Rxc8 55.
Rxb2 $10) 53... b1=Q 54. Rg8+ (54. d8=Q Qb2+ (54... Rxc6 $2 55. Qg8+ Kf6 56.
e5+ $18) 55. Kd5 (55. Ke3 $2 Re1+ 56. Kf4 Rf1+ $19) 55... Qb5+ 56. Kd4 Qb2+ $10
) 54... Kh7 55. Rxc1 Qb6+ 56. Ke5 $8 Qe6+ 57. Kf4 Qxd7 58. Rg5 (58. Rg2 Qh3 $1)
58... Qd6+ 59. Kg4 (59. Ke3 $2 Qh6 $1) 59... Qd7+ 60. Kf4 Qd6+ 61. Kg4 Qd7+ 62.
Kf4 Qd6+ 63. Kg4 1/2-1/2

[Event "Lee Cup 4th"]
[Site "Beijing"]
[Date "1997.??.??"]
[Round "6"]
[White "Speelman, Jonathan S"]
[Black "Wang, Yaoyao"]
[Result "1-0"]
[WhiteElo "2630"]
[BlackElo "2430"]
[Annotator "Speelman,J"]
[PlyCount "45"]
[EventDate "1997.08.23"]
[EventType "swiss"]
[EventRounds "11"]
[EventCountry "CHN"]
[SourceTitle "CBM 061"]
[Source "ChessBase"]
[SourceDate "1997.11.23"]
[SourceVersion "1"]
[SourceVersionDate "1997.11.23"]
[SourceQuality "1"]

1. d4 Nf6 2. Bg5 Ne4 3. Bf4 d5 4. e3 c5 5. Bd3 Nc6 (5... Qb6 6. Bxe4 dxe4 7.
Nc3 {with a strong imitiative}) 6. Bxe4 $5 dxe4 7. d5 Nb4 (7... e5 8. Bg3 Ne7 (
8... Nb4 9. Nc3 Bg4 10. Qxg4 Nxc2+ 11. Kd2 Nxa1 12. Nge2 Qb6 13. Kc1 $16) 9. c4
f6 10. Nc3 Bf5 11. f3 $5 exf3 12. Nxf3 {with the initiative}) 8. Nc3 e6 9. d6
$5 (9. dxe6 Bxe6 10. a3 Qxd1+ 11. Rxd1 $2 (11. Kxd1 O-O-O+ 12. Kc1 Nd5 13. Nxe4
Nxf4 14. exf4 {Black has a wonderful position.}) 11... Nxc2+ 12. Kd2 Bb3 13.
Kc1 Na1 14. Re1 Be6) 9... Nc6 (9... Qa5 $5) 10. Nxe4 (10. Nge2 $6 e5 11. Nb5
exf4 12. Nc7+ Kd7 13. Nxf4 Bxd6 14. Nxa8 Ke7) (10. b4 e5 11. Nb5 Be6 $1 (11...
exf4 $2 12. Nc7+ Kd7 13. Qg4+ Kxd6 14. Qxf4+ Ke7 15. Rd1) 12. Nc7+ Kd7 13. Nxa8
Qxa8 14. b5 exf4 15. bxc6+ Kxc6 $17) 10... f5 $6 (10... e5 11. Bg5 Qb6 12. Qd5
Be6 $2 (12... f6 13. O-O-O Bd7 14. Nxf6+ gxf6 15. Bxf6 Rd8 16. Nf3 $18) (12...
Qxb2 13. Rd1 $36) 13. Nxc5 $3 $18) 11. Bg5 $1 (11. Nc3 $2 e5 12. Qd5 Qxd6 $1)
11... Qb6 (11... Qa5+ 12. Nc3) (11... Qd7 12. Qh5+ (12. Nxc5 Qxd6 13. Nb3 Qxd1+
14. Rxd1 h6 15. Bh4 g5 16. Bg3 e5 17. f4 $1 $44) 12... Qf7 13. Qxf7+ Kxf7 14.
O-O-O b6 $1 (14... fxe4 15. d7 b6 (15... b5 $5 16. dxc8=Q Rxc8 17. Ne2 h6 18.
Bh4 g5 19. Bg3 b4 $5) 16. dxc8=Q Rxc8 17. Ne2 {xe4}) 15. d7 Bb7 (15... Ba6 16.
Nd6+ Bxd6 17. Rxd6 $16) 16. Ng3 Be7 (16... h6 17. d8=Q Nxd8 18. Bxd8 Bxg2 19.
Bc7) 17. Nf3 {threatening e4} Bxg5 18. Nxg5+ Ke7 19. f4 (19. e4 f4 20. Nh5 $1 (
20. Ne2 h6 21. Nf3 g5) 20... h6 21. Nxf4 hxg5 22. Ng6+ Kf7 23. Nxh8+ Rxh8)
19... Rad8 20. e4 h6 21. Nf3 fxe4 22. Nxe4) 12. Nf6+ $1 (12. d7+ $5 Bxd7 13.
Nd6+ Bxd6 14. Qxd6) 12... Kf7 13. Nxh7 Rxh7 (13... Qxb2 14. Nxf8 $16) (13...
Bxd6 14. Qxd6 Qxb2 (14... Qb4+ 15. Kf1) 15. Rd1 Rxh7 (15... Qc3+ 16. Kf1 Qc4+
17. Ne2 Rxh7 18. h4) 16. Nf3 Qc3+ 17. Kf1 Qxc2 18. h4 b6 19. Kg1 $16) 14. d7
Be7 $2 (14... Qxb2 15. Rb1 Qc3+ 16. Kf1 Qc4+ 17. Ne2 Qd5 18. Qxd5 exd5 19.
dxc8=Q Rxc8 20. Rxb7+ $16) (14... Qb4+ $1 15. c3 (15. Kf1 $5) 15... Qxb2 16.
Rb1 Qxc3+ 17. Kf1 Qc4+ 18. Ne2 Qd5 19. Qxd5 exd5 20. dxc8=Q Rxc8 21. Rxb7+ {
Even without the c2 pawn, this is quite good for White but of course Black can
fight}) 15. Nf3 $1 Qxb2 (15... Bxd7 16. Qxd7 Rd8 (16... Qxb2 17. O-O (17. Bxe7
$2 Qxa1+ 18. Ke2 Qxa2 $1 {to defend e6} (18... Qxh1 $2 19. Ng5+ Kg6 (19... Kg8
20. Qxe6+ Kh8 21. Nf7+ Kg8 22. Nh6+ Kh8 23. Qg8+ Rxg8 24. Nf7#) 20. Qxe6+ Kh5
21. Qf7+ Kh6 22. Qxf5 $18)) 17... Rd8 18. Qc7 Qb6 19. Qxb6 (19. Qg3 $5) 19...
axb6 20. Rab1 $16 {If} Nb4 21. c3 Nxa2 $2 22. Rxb6 g6) 17. Ne5+ $1 $18) 16. O-O
Qb6 $2 (16... Bxd7 17. Rb1 (17. Qxd7 Rd8 18. Qc7 Qb6 19. Qxb6 axb6 20. Rab1)
17... Qxb1 18. Qxb1 $16) 17. dxc8=Q $1 Rxc8 18. Rb1 Qa5 (18... Qc7 19. Bf4 Qa5
(19... e5 20. Qd5+ Kf6 21. Nxe5 Nxe5 22. Rxb7 Qd6 23. Bxe5+ Qxe5 24. Qxe5+ Kxe5
25. Rxe7+ $18) 20. Rxb7) 19. Rxb7 Rc7 20. Qb1 $1 Bd6 $6 (20... Rh8 21. Bxe7
Rxe7 $1 22. Rxe7+ Nxe7 23. Qb2 (23. Ng5+ Kf6 24. Qb2+ Kxg5 25. Qxg7+ Ng6 26.
f4+ Kh5 27. g4+ fxg4 28. f5 exf5 29. Rxf5+ Kh4 30. Qf6+ Kh3 31. Qxh8+ Nxh8 32.
Rh5#) (23. Ne5+ Kf6 24. Qb2 Qc7 (24... Qb4 25. Qa1)) 23... Qa6 24. Qe5 Rh5 25.
Rd1 $18) 21. Rd1 Be5 (21... Nb4 22. Rxd6 (22. Bd8 $1 {Fritz}) 22... Rxb7 23.
Ne5+ Ke8 24. Rxe6+ Kf8 25. c3 $16) 22. Nxe5+ Nxe5 23. Bf4 1-0

[Event "Cappelle"]
[Site "Cappelle la Grande"]
[Date "1994.??.??"]
[Round "1"]
[White "Degraeve, Jean Marc"]
[Black "Lane, Gary William"]
[Result "1-0"]
[WhiteElo "2460"]
[BlackElo "2440"]
[Annotator "Stohl,I"]
[PlyCount "67"]
[EventDate "1994.07.??"]
[EventType "tourn"]
[EventRounds "9"]
[EventCountry "FRA"]
[EventCategory "10"]
[SourceTitle "CBM 044"]
[Source "ChessBase"]
[SourceDate "1995.02.01"]
[SourceVersion "1"]
[SourceVersionDate "1995.02.01"]
[SourceQuality "1"]

1. d4 Nf6 2. Bg5 Ne4 3. Bf4 c5 4. f3 Qa5+ 5. c3 Nf6 6. Nd2 cxd4 7. Nb3 Qb6 8.
Qxd4 (8. cxd4 d5 9. e3 Nc6 10. Ne2 e5 $5 11. Bxe5 Nxe5 12. dxe5 Qxe3 13. Qd4 (
13. exf6 Bb4+ 14. Nd2 Bc5 $10) 13... Qxd4 14. Nexd4 Bb4+ 15. Kf2 Nd7 16. Nb5
Kd8 17. Rc1 Nxe5 18. Nc7 Rb8 19. Nxd5 Bd6 20. Be2 Be6 21. Rhd1 Rc8 22. Nf4 Ke7
23. Nxe6 fxe6 $10 {Gallagher,J-Forster,R/Metz op/1994/}) 8... Qxd4 (8... Nc6 9.
Qxb6 axb6 10. Be3 $5 (10. Nd4 e5 11. Nxc6 exf4 12. Nd4 d5 $13) 10... d5 11.
Bxb6 e5 12. e4 $1 Be6 13. Bb5 Nd7 14. Bf2 d4 (14... dxe4 $142 15. Nd2 exf3 16.
Ngxf3 $14) 15. Nc1 dxc3 16. bxc3 Bc5 17. Nge2 Ke7 18. Nd3 Bxf2+ 19. Kxf2 Ra3
20. Rhd1 $14 {Tregubov,P-Nadyrhanov,A/Sochi/1994/}) (8... d5 $5 9. Qxb6 axb6
10. Bxb8 Rxb8 11. e3 Bd7 12. Bd3 e6 13. Ne2 Bd6 14. Ned4 Ke7 15. a3 Rbc8 16.
O-O Rhd8 17. Rae1 g6 18. e4 dxe4 19. fxe4 Ng4 20. h3 Ne5 21. Bb5 Bxb5 22. Nxb5
Bc5+ $15 {Rakic,T-Cabrilo,G/JUG-chT Cetinje/1993/}) 9. cxd4 $14 {()} d6 $146 (
9... d5 10. e3 e6 11. g4 $1 Nc6 12. Bb5 Bd7 13. a3 Kd8 14. Rc1 Ne8 15. Nc5 Bxc5
16. Rxc5 Ke7 17. Ne2 Nd6 18. Bd3 Rac8 19. b4 b6 20. Rc3 a5 21. b5 Na7 22. a4
Rxc3 23. Nxc3 Rc8 24. Kd2 Nc4+ 25. Kc2 $14 {_|_^^(),Salov,V-Akopian,V/Wijk aan
Zee m/1993/}) 10. e4 Nc6 11. d5 Ne5 (11... Nb4 12. Kd2 {פb4}) 12. Bb5+ Kd8 (
12... Bd7 $142 13. Bxd7+ Nfxd7 $14) 13. Bd2 Bd7 14. Bxd7 Kxd7 15. Nh3 $5 (15.
Bc3 $14) 15... Nd3+ (15... g6 16. Ke2 Bg7 17. Bc3 $14) 16. Ke2 Nxb2 17. Rhc1 {
/\a4,פb2} Na4 (17... b5 18. Nd4 a6 19. Ng5 $36) 18. Rc4 $6 (18. Ng5 $36) 18...
b5 (18... Nb6 $142 19. Rc2 e6 $13) 19. Rc2 e6 20. Ng5 $1 $36 exd5 21. Rac1 (21.
Nxf7 Rg8 22. Rac1 Be7 $5 $13) 21... Nc5 (21... dxe4 22. Rc7+ Ke8 23. Nxf7 Rg8
24. Bb4 $40) 22. e5 $1 Ne8 $6 (22... Nxb3 $1 23. axb3 dxe5 24. Rc7+ (24. Nxf7
Rg8 25. Nxe5+ Ke6 26. Nc6 $44) 24... Ke8 25. Nxf7 (25. Rc8+ $5 Rxc8 26. Rxc8+
Kd7 27. Ra8 $14) 25... Rg8 26. Ng5 $44 (26. Nxe5 Bd6 27. Rc8+ Rxc8 28. Rxc8+
Ke7 29. Rxg8 Nxg8 30. Nc6+ Kd7 31. Nxa7 b4 $10)) 23. exd6 Nxb3 24. Rc7+ $1 (24.
axb3 Nxd6 25. Rc7+ Ke8 26. Kd3 $36) 24... Nxc7 25. Rxc7+ Ke8 $8 (25... Kxd6 $2
26. Bf4#) 26. d7+ Ke7 $8 (26... Kd8 27. Bf4 Nd4+ 28. Kd3 {/\Nf7,d8Q+-}) 27. Rc8
$6 (27. Nxf7 $1 Rd8 (27... Nd4+ 28. Kd3 Rd8 29. Nxd8 Kxd8 30. Bg5+ Be7 31. Rc8+
Kxd7 32. Rxh8 Bxg5 33. Kxd4 $18) 28. Nxd8 Kxd8 29. Bg5+ $1 Be7 30. Rc8+ Kxd7
31. Rxh8 Bxg5 32. axb3 $18) 27... Nd4+ (27... Kxd7 $142 28. Rxa8 Nxd2 29. Rxa7+
(29. Kxd2 $4 Bb4+) 29... Kc6 30. Nxf7 Rg8 31. Kxd2 Bb4+ 32. Kd3 $14) 28. Kd3
Kxd7 29. Rxa8 Nc6 30. Nxf7 $16 Rg8 31. Ng5 Ke7 (31... h6 32. Nh7 Ke7 33. Rc8
Ne5+ 34. Kd4 Nd7 35. Bb4+ $18) 32. Be3 $1 h6 (32... d4 33. Bxd4 Nxd4 34. Kxd4
g6 35. Rxa7+ $18) 33. Bc5+ Kd7 34. Nh7 $22 (34. Nh7 Bxc5 35. Rxg8 Bd4 36. Nf8+
Ke7 37. Ng6+ Kf7 38. Rc8 $18) 1-0

[Event "Belgrade"]
[Site "Belgrade"]
[Date "1993.??.??"]
[Round "3"]
[White "Hodgson, Julian M"]
[Black "Kotronias, Vasilios"]
[Result "1/2-1/2"]
[WhiteElo "2625"]
[BlackElo "2590"]
[Annotator "Stohl,I"]
[PlyCount "59"]
[EventDate "1993.??.??"]
[EventType "tourn"]
[EventRounds "9"]
[EventCountry "YUG"]
[EventCategory "16"]
[SourceTitle "CBM 039"]
[Source "ChessBase"]
[SourceDate "1994.04.01"]
[SourceVersion "1"]
[SourceVersionDate "1994.04.01"]
[SourceQuality "1"]

1. d4 Nf6 2. Bg5 c5 3. Bxf6 gxf6 4. d5 Bg7 (4... Qb6 5. Qc1 f5 6. g3 Bg7 (6...
c4 $6 7. Bg2 Na6 8. c3 h5 9. Nf3 Nc7 10. Na3 Nxd5 11. Nxc4 Qc5 12. Nce5 Nf6 13.
O-O e6 14. c4 d6 15. Nd3 Qc7 16. Rd1 Bd7 17. Qc3 Rh6 18. Rac1 Ne4 19. Qc2 Rc8
20. Nd2 $16 {עe8/Lobron,E-Polgar,J/Groningen PCA/1993/}) (6... Bh6 7. e3 e5 8.
Nf3 e4 9. Nh4 Qf6 10. a4 d6 11. Na3 Ke7 12. c3 Bg5 13. Ng2 Nd7 14. Be2 Nb6 15.
Qd2 Nxa4 16. O-O Nb6 17. f3 Qg6 18. b4 cxb4 19. cxb4 Bd7 20. Bb5 $44 {Horvath,
Cs-Velickovic,Z/Velden/1993/}) (6... f4 7. c3 (7. gxf4 Qb4+ 8. c3 Qe4 $15) 7...
fxg3 8. hxg3 d6 9. Nd2 Nd7 10. Qc2 Nf6 11. Bg2 Qc7 12. c4 Bg7 13. Nh3 Bd7 14.
Rb1 Bh6 15. e3 e5 16. dxe6 fxe6 17. Ne4 Nxe4 18. Bxe4 Bc6 19. Ng1 Bg7 20. Ne2
$14 {Ionescu,D-Vlad,D/ATI-Homorod-C/1993/}) 7. c3 d6 8. Bh3 e6 9. Nf3 Nd7 10.
Nbd2 Nf6 11. c4 Bd7 12. O-O O-O 13. Qc2 Rae8 14. Rfe1 Qd8 15. Rad1 exd5 16. Nh4
d4 17. Nxf5 {Hodgson,J-Alterman,B/Pardubice/1993/} Bc6 $132) (4... f5 5. e3 Bg7
6. c3 d6 (6... O-O 7. Ne2 d6 8. Ng3 e6 9. Bc4 Na6 10. O-O Nc7 11. a4 b6 12. Nh5
Bb7 13. Nf4 Qe7 14. Qb3 Rae8 15. Na3 Be5 16. dxe6 fxe6 17. Rfe1 Kh8 18. Nb5 d5
19. Bf1 a6 20. Nxc7 Bxc7 $15 {[+]^^/Bricard,E-Plachetka,J/Uzes op/1989/}) 7.
Nd2 Nd7 8. Ngf3 (8. Ne2 $142) 8... O-O 9. e4 Nf6 10. Bd3 fxe4 11. Bxe4 b5 12.
Qc2 Bb7 13. Ng5 h6 14. h4 Re8 15. Bf3 $5 $13 {Ornithopoulos,N-Mastrokoukos,G/
Athens op/1993/}) (4... d6 5. e3 Bf5 6. Ne2 h5 7. Nf4 Qb6 8. Qc1 Nd7 9. a4 h4
10. a5 Qc7 11. Nc3 Bh6 12. Ra4 a6 13. Bd3 Bxd3 14. Nxd3 c4 15. Nf4 Qc5 16. Qd1
Rg8 17. O-O Bxf4 18. exf4 f5 19. Qh5 b5 20. axb6 Nxb6 21. Ra3 Nxd5 22. Qxh4 $36
{עe8/Adams,M-Hon,A/London Lloyds/1992/}) 5. c3 d6 6. e3 (6. g3 Bf5 $6 7. e4
Bd7 8. Nh3 (8. Bh3 $5 $36) 8... Qb6 9. Qb3 f5 10. Nd2 fxe4 11. Nxe4 h5 12. Nf4
h4 13. Be2 Bf5 14. Nd2 Qxb3 15. axb3 Bh6 16. Nc4 Nd7 17. Ne3 Bh7 $36 {_|_^^/
Wade,R-Krogius,N/Wch sen/1992/}) 6... f5 7. Ne2 Nd7 (7... Na6 $5 8. Nf4 Nc7 {
/\e6<=>}) 8. Nf4 Nf6 9. Bc4 O-O 10. a4 (10. Nd2 Bd7 {/\b5}) 10... b6 11. Nd2 a6
12. Nf1 $1 {><f5,/\Ng3,Qc2} Bd7 13. Ng3 b5 14. Bb3 (14. Bd3 e6 15. Ngh5 $5 $13)
14... Qb6 15. a5 Qc7 16. Bc2 e6 17. Ngh5 Nxh5 18. Nxh5 (18. Qxh5 b4 $5 $132)
18... Rae8 19. g4 Kh8 $8 20. gxf5 exf5 21. Nxg7 $6 (21. Qf3 $142 $5 $36) 21...
Kxg7 22. Qf3 Kh8 $1 (22... Re5 $2 23. Rg1+ Kh8 24. Qg3 $18) (22... Qc8 23.
O-O-O $16) 23. Bxf5 Bxf5 24. Qxf5 f6 $132 {עe1} 25. Rg1 (25. O-O Re5 26. Qf3
Qf7 $1 (26... f5 27. Kh1 $14) 27. Rad1 Rg8+ 28. Kh1 Rgg5 29. e4 f5 $44) 25...
Re5 26. Qf3 f5 27. Rg5 b4 $1 28. c4 (28. cxb4 cxb4 $36 {><b2,a5,d5}) 28... Qe7
29. h4 Qf6 30. O-O-O (30. O-O-O Re4 31. Qe2 f4 $44) 1/2-1/2

[Event "Moscow B"]
[Site "Moscow"]
[Date "1994.??.??"]
[Round "5"]
[White "Nesterov, Yakov"]
[Black "Gagarin, Vasilij"]
[Result "1-0"]
[WhiteElo "2460"]
[BlackElo "2425"]
[Annotator "Stohl,I"]
[PlyCount "135"]
[EventDate "1994.??.??"]
[EventType "tourn"]
[EventRounds "11"]
[EventCountry "RUS"]
[EventCategory "7"]
[SourceTitle "CBM 041"]
[Source "ChessBase"]
[SourceDate "1994.08.01"]
[SourceVersion "1"]
[SourceVersionDate "1994.08.01"]
[SourceQuality "1"]

1. d4 Nf6 2. Bg5 Ne4 3. Bf4 c5 4. f3 Qa5+ (4... Nf6 5. dxc5 $5 (5. d5 g6 6. e4
Bg7 7. Nc3 O-O 8. Qd2 d6 9. Bh6 a6 10. Bxg7 Kxg7 11. Nge2 b5 12. Nf4 Nbd7 13.
h4 h5 14. a4 b4 15. Nd1 Ne5 16. Ne3 a5 17. Nd3 Ned7 18. Nf2 Nb6 19. g4 e6 20.
g5 Ng8 21. f4 exd5 22. Nxd5 $13 {Kamsky,G-Polgar,J/Monaco Amber blind/1994/}
Bb7) 5... Qa5+ 6. Nc3 Qxc5 7. e4 d6 8. Qd2 a6 9. Nge2 Nbd7 10. Be3 Qc7 11. Nd5
$1 Nxd5 12. exd5 Nf6 13. O-O-O b5 14. h4 Bb7 15. Nf4 Rc8 16. Kb1 g6 17. g4 Nxd5
$2 (17... Bg7 18. c3 $16) 18. Nxd5 Bxd5 19. Qxd5 Qxc2+ 20. Ka1 Bg7 21. Rb1 O-O
22. Bd3 Qa4 23. Qb3 Qa5 24. h5 $18 {Ionov,S-Umanskaya,I/St.Petersburg op/1994/}
) 5. c3 Nf6 6. Nd2 cxd4 7. Nb3 Qb6 8. Qxd4 Nc6 $1 (8... Qxd4 9. cxd4 d5 10. e3
e6 11. g4 $1 Nc6 12. Bb5 Bd7 13. a3 Kd8 14. Rc1 Ne8 15. Nc5 Bxc5 16. Rxc5 Ke7
17. Ne2 Nd6 18. Bd3 Rac8 19. b4 b6 20. Rc3 a5 21. b5 Na7 22. a4 Rxc3 23. Nxc3
Rc8 24. Kd2 $14 {(),^^,Salov,V-Akopian,V/Wijk aan Zee m/1993/}) 9. Qxb6 axb6
10. e4 $6 (10. Nd4 $5 Nd5 $2 (10... Nxd4 11. cxd4 d5 12. Bc7 $14) (10... Ra5
11. b4 Ra4 12. Nb5 $36) (10... e5 $5 11. Nxc6 exf4 12. Nd4 d5 13. Kf2 Bd6 14.
e3 fxe3+ 15. Kxe3 O-O {+/=/<=>}) 11. Nb5 $1 Ra4 12. Bd2 Na5 13. O-O-O $1 d6 14.
e4 Nf6 15. Kb1 Nc4 16. Bc1 Ne5 17. Be3 Ned7 18. Ne2 g6 19. Nc7+ Kd8 20. Nb5 Bg7
21. Nc1 Ne8 22. Nd3 e6 23. Nb4 Ke7 24. Be2 $16 {Rausis,I-Ivanov,VL/Riga/1993/})
(10. a3 d5 11. Nd4 e5 12. Nxc6 exf4 13. Nd4 Bd6 14. Kf2 O-O 15. e3 fxe3+ 16.
Kxe3 Nd7 $1 17. Bb5 Ne5 18. Kd2 Nc4+ 19. Kc1 g6 20. Nge2 h5 21. g3 Kg7 22. a4
Be5 23. Kc2 Nd6 24. Bd3 Bd7 25. b3 Rfe8 $132 {Georgadze,T-Dorfman,I/Tashkent
1L/1984/}) 10... d5 $1 11. exd5 Nxd5 12. Bd2 e5 $1 {[+]} 13. a3 {/\c4} Bf5 $146
{/\Bc2} (13... Be6 $5 14. c4 Nf6 15. Be3 Nd7 16. Rc1 Nc5 17. Nxc5 Bxc5 18. Bxc5
bxc5 19. Ne2 Ke7 20. Nc3 Rhd8 21. Be2 Nd4 22. Nb5 Ra4 23. Nxd4 Rxd4 24. Rc3
Bxc4 $17 {Rausis,I-Muhutdinov,M/Moscow3/1992/}) 14. Rc1 (14. c4 Nc7 15. Be3 Bc2
$1 16. Nd2 (16. Bxb6 Bxb3 17. Bxc7 Bb4+ $1 18. Kf2 Bc5+ {/\Kd7-+}) 16... Bc5
$17) 14... Be7 15. Ne2 (15. c4 Nf6 16. Be3 Nd7 $36 {/\Nc5}) 15... O-O $15 16.
c4 Nf4 $5 (16... Nf6 17. Ng3 Be6 18. Bd3 $10) 17. Ng3 (17. Nxf4 exf4 18. Bxf4
Bf6 $32 $17 {׫}) 17... Nd3+ (17... Bg6 18. Be3 Na5 $5 19. Nxa5 (19. Nd2 Bc5
$36) 19... bxa5 $15) 18. Bxd3 Bxd3 19. Rc3 $1 Bg6 20. Be3 $132 Bd8 21. O-O f5
22. Bf2 (22. f4 Bc7 $36) 22... Bc7 23. Rd1 e4 {/\Be5} (23... Rfd8 24. Rcd3 Rxd3
25. Rxd3 Rd8 (25... f4 $6 26. Ne4) 26. Rxd8+ Bxd8 27. Ne2 Bf7 28. Nd2 $132) 24.
fxe4 fxe4 25. Be3 $8 Rad8 26. Rxd8 Rxd8 27. Nd2 Be5 28. Rb3 Nd4 (28... Bd4 29.
Ndf1) 29. Rxb6 Nc2 30. Ndf1 $8 Rd1 31. Kf2 Nxe3 32. Nxe3 Bd4 33. Rb3 (33. Rxb7
$2 Rd2+ 34. Ne2 Bh5 35. g4 Bxg4 $19) 33... Rd2+ 34. Ke1 Rxb2 35. Rxb2 Bxb2 36.
a4 Kf7 (36... Be8 37. Nxe4 Bxa4 38. Ke2 $10) 37. Nd5 Be5 38. Kf2 Bd4+ 39. Ke2
h5 (39... Ke6 $15 {/\} 40. Nf4+ Ke5 41. Nxg6+ hxg6 {/\Bc5,Kd4}) 40. a5 h4 41.
Nf1 Bh5+ 42. Kd2 g5 43. Nfe3 h3 $6 (43... Ke6 $5 44. a6 bxa6 45. Nc7+ Ke5 46.
Nxa6 $132 {/\c5-c6}) 44. gxh3 Bf3 45. Ke1 Be5 46. Ng4 $1 $10 Bd6 (46... Bxg4
47. hxg4 Bxh2 48. Nc3 Bc7 49. Nxe4 Bxa5+ 50. Ke2 $14) 47. Kd2 Ke6 48. Kc3 Bc5
49. Nge3 Kd6 $6 (49... Ke5 $5 50. Ng4+ Kf5 51. Nge3+ Ke5 $10) 50. h4 $1 gxh4
51. Nf5+ Ke5 52. Nxh4 Be2 (52... Bh1 $5) 53. Ng2 $14 Bg1 (53... Bf3 $142 54.
Nge3 $14) 54. h4 Bd4+ 55. Kb4 Bf2 56. Ngf4 Bg4 57. h5 e3 58. h6 Bf5 59. Kb5 $16
Ke4 60. Ne2 Kd3 61. Ndf4+ Ke4 62. c5 (62. Kb6 Be1) 62... Be1 63. Kb6 Bg3 (63...
Bd2 64. c6 bxc6 65. a6 $18) 64. Nxg3+ Kxf4 65. c6 $1 bxc6 (65... Kxg3 66. cxb7
e2 67. b8=Q+ $18) 66. Ne2+ Kf3 67. Nc3 c5 (67... e2 68. Nxe2 Kxe2 69. a6 $18)
68. a6 1-0

[Event "St Petersburg op"]
[Site "St Petersburg"]
[Date "1994.??.??"]
[Round "3"]
[White "Aleksandrov, Aleksej"]
[Black "Zhelnin, Vladimir V"]
[Result "0-1"]
[WhiteElo "2535"]
[BlackElo "2420"]
[Annotator "Stohl,I"]
[PlyCount "60"]
[EventDate "1994.02.??"]
[EventType "swiss"]
[EventRounds "9"]
[EventCountry "RUS"]
[SourceTitle "CBM 041"]
[Source "ChessBase"]
[SourceDate "1994.08.01"]
[SourceVersion "1"]
[SourceVersionDate "1994.08.01"]
[SourceQuality "1"]

1. d4 {Ernst} Nf6 2. Bg5 c5 (2... Ne4 3. Bf4 d5 4. Nd2 Bf5 5. Nxe4 Bxe4 6. e3
e6 7. Ne2 Bd6 8. Ng3 Bxf4 9. exf4 Qd6 $1 10. Nxe4 dxe4 11. Qd2 O-O 12. Be2 c5
13. dxc5 Qxc5 14. c3 Nc6 15. Qe3 Qxe3 16. fxe3 Rfd8 17. Kf2 Rd2 18. Rab1 Rad8
19. Rhd1 f5 20. Ke1 Rxd1+ {1/2:1/2,Sokolov,I-Illescas Cordoba,M/Madrid/1994/})
3. Bxf6 gxf6 4. d5 Qb6 5. Qc1 f5 (5... Bh6 $5 6. e3 e6 7. c4 d6 8. Nc3 f5 9.
Bd3 Nd7 10. f4 Nf6 11. Nge2 e5 12. O-O e4 13. Bc2 Bg7 14. Ba4+ Kf8 15. a3 a6
16. Rb1 Qc7 17. Qd2 $13 {1/2:1/2,Nesterov,J-Alburt,L/New York op/1992/}) 6. c4
$6 (6. g3 h5 $5 (6... Bg7 {Ernst} 7. c3 d6 8. Bh3 e6 $10 {Hodgson.J-Fedorowicz,
J/Cannes-60-Team/1992/}) 7. h4 Bg7 8. c3 Bh6 9. e3 e5 10. Ne2 Qg6 11. Bg2 d6
12. a4 Nd7 13. Na3 Nf6 14. Nc4 Ke7 $132 {Gerber,R-Sher,M/Praha Mladi-A/1988/})
(6. e3 Bg7 7. c3 Qd6 (7... d6 {Ernst} 8. Nd2 Nd7 9. a4 Nf6 10. Bb5+ Kf8 $10 {
Werner,C-Priehoda,V/Dortmund op-A/1992/}) 8. Qd2 Na6 9. c4 Nc7 10. Nc3 Rg8 11.
Nge2 b5 $5 12. cxb5 a6 13. bxa6 Bxa6 14. Nf4 Bxf1 15. Rxf1 Rb8 16. Rd1 c4 17.
Ke2 Be5 18. g3 Qb4 19. Kf3 Rb6 (19... Qxb2 $2 20. Rb1 $1) 20. Rb1 Rd6 21. Rfd1
Bxf4 22. exf4 e6 23. b3 Ke7 24. bxc4 Qxc4 $132 {Sokolov,Al-Emelin,V/Ashkhabad/
1990/}) 6... Bh6 (6... Bg7 {Ernst} 7. Nc3 $14) 7. e3 (7. Qc3 O-O $36 {/\Bg7}) (
7. Qc2 Qb4+ 8. Nd2 (8. Kd1 e6 $36) 8... Bxd2+ 9. Qxd2 Qxc4 10. Rc1 Qxa2 11.
Rxc5 Na6 $15) 7... f4 $5 8. exf4 (8. Nc3 fxe3 9. fxe3 d6 $17 {><e3,^^}) (8. e4
Bg7 (8... f3 $6 9. Qc3 O-O 10. Nxf3 Bg7 11. e5) 9. Nc3 Bd4 10. Nge2 e5 $5 $13)
8... Bxf4 9. Qxf4 $6 (9. Qc2 Be5 $15) 9... Qxb2 10. Ne2 Qxa1 11. Nec3 d6 $5 (
11... Qb2 12. d6 $5 Nc6 13. Bd3 $32 $44) 12. Qd2 Rg8 $1 13. g3 a6 $1 $146 (
13... a5 14. Bd3 Bh3 15. f4 Ra6 16. Kf2 Rb6 17. Re1 Rb2 18. Bc2 Bf5 19. Na3
Rxc2 20. Nxc2 Qb2 21. Qe3 $1 e6 (21... Qxc2+ 22. Re2 $18) 22. Re2 Bg4 23. Rd2
Qc1 24. Kg2 Rg6 25. Rf2 $1 Qxe3 26. Nxe3 Kd7 27. h3 Bf5 28. g4 Rg7 29. Kh2 Bg6
30. f5 exf5 31. gxf5 Bh5 32. Ne4 $1 {1-0,Aleksandrov,A-Frolov,D/St.Petersburg
op/1994/}) 14. Qc2 (14. Bg2 b5 15. O-O b4 {/\Qd4-/+}) (14. Bd3 {Ernst} Nd7 15.
f4 Nf6 $2 (15... b5 $5 16. cxb5 axb5 17. Bxb5 Ba6 $17) 16. O-O $44) 14... Kf8
$1 {/\b5} 15. Qb3 (15. Bd3 b5 16. cxb5 axb5 17. Bxb5 Ba6 18. Bxa6 Nxa6 19. a3
Rb8 $17) 15... Nd7 16. Be2 b5 $1 17. cxb5 (17. O-O b4 $19) 17... axb5 18. Bxb5
Ne5 19. Be2 (19. O-O Nf3+ 20. Kg2 Nd4 $19) 19... c4 20. Qb6 (20. Bxc4 Nxc4 21.
Qxc4 Qb2 22. O-O Ba6 23. Qc6 Qb7 $17) 20... Bf5 21. O-O Rxa2 $1 22. Nxa2 Qxa2
23. Re1 (23. Nc3 $142 Qd2 24. Qb4 $17) 23... Qb3 $1 24. Qd8+ (24. Qxb3 cxb3 25.
Nd2 b2 $19) 24... Kg7 25. Qxe7 Bxb1 26. Bh5 Bg6 $19 27. Qxd6 (27. Rxe5 dxe5 (
27... Bxh5 $5 $19 {/\} 28. Rxh5 Qd1+) 28. Qxe5+ f6 (28... Kh6 29. Qf4+ $1) 29.
Qe7+ Kh6 $19) 27... Nd3 28. Bxg6 hxg6 29. Re7 Rf8 (29... Qb2 $2 30. Rxf7+ $1
Kxf7 31. Qd7+ $1 Kf6 32. Qd6+ Kf5 33. Qe6+ Kg5 34. Qe7+ $10 Qf6 $2 35. h4+ Kf5
36. g4+ $18) 30. Qc6 Qb2 0-1